| 000 | 00644nam a2200217Ii 4500 | ||
|---|---|---|---|
| 003 | JO-AjNU | ||
| 008 | 230606s9999||||xx |||||||||||||| ||und|| | ||
| 020 | _a978-0-521-82049-3 | ||
| 040 |
_aJO-AjNU _beng _erda _cJO-AjNU |
||
| 041 | _aeng | ||
| 050 | 1 | 4 | _aQA76.58.B34.2010 |
| 100 | 3 |
_aBAETEN.J.C.M, _eauthor _94803 |
|
| 245 | 0 | 0 | _aprocess Algebra:Equational Theories of communicating processes |
| 250 | _a1 ed | ||
| 264 | 3 | 1 | _aNewYork:CambridgeUniversity Press,2010 |
| 300 | _a460p | ||
| 336 |
_atext _btxt _2rdacontent |
||
| 337 |
_aunmediated _bn _2rdamedia |
||
| 338 |
_avolume _bnc _2rdacarrier |
||
| 650 | 4 |
_a Machine theory. _94804 |
|
| 999 |
_aE2487 _c2485 _d2485 |
||